Normal view
MARC view
Entry Personal Name
001 - CONTROL NUMBER
- control field: 87476
003 - CONTROL NUMBER IDENTIFIER
- control field: dpl
005 - DATE AND TIME OF LATEST TRANSACTION
- control field: 20260226142116.0
008 - FIXED-LENGTH DATA ELEMENTS
- fixed length control field: 260226|| aca||aabn | a|a d
040 ## - CATALOGING SOURCE
- Original cataloging agency: dpl
- Transcribing agency: dpl
100 ## - HEADING--PERSONAL NAME
- Personal name: Puri, Gautam
670 ## - SOURCE DATA FOUND
- Source citation: Work cat.: (dpl)214961: Puri, Gautam, CAT: Verbal Ability & Reading Comprehension, 2025
